<?xml version="1.0" encoding="UTF-8"?>
<record
    xmlns:xsi="http://www.w3.org/2001/XMLSchema-instance"
    xsi:schemaLocation="http://www.loc.gov/MARC21/slim http://www.loc.gov/standards/marcxml/schema/MARC21slim.xsd"
    xmlns="http://www.loc.gov/MARC21/slim">

  <leader>00398nam a2200157Ia 4500</leader>
  <controlfield tag="008">230917s9999||||xx |||||||||||||| ||und||</controlfield>
  <datafield tag="040" ind1=" " ind2=" ">
    <subfield code="e">199940</subfield>
    <subfield code="a">MAIN</subfield>
  </datafield>
  <datafield tag="041" ind1=" " ind2=" ">
    <subfield code="a">English</subfield>
  </datafield>
  <datafield tag="082" ind1=" " ind2=" ">
    <subfield code="a">342 K48A(18)</subfield>
  </datafield>
  <datafield tag="100" ind1=" " ind2=" ">
    <subfield code="a">Kesari, U P D</subfield>
  </datafield>
  <datafield tag="245" ind1=" " ind2="0">
    <subfield code="a">Lectures on administrative law</subfield>
  </datafield>
  <datafield tag="250" ind1=" " ind2=" ">
    <subfield code="a">18th ed.</subfield>
  </datafield>
  <datafield tag="260" ind1=" " ind2=" ">
    <subfield code="a">Allahabad</subfield>
    <subfield code="b">Central Law Publications</subfield>
    <subfield code="c">2010</subfield>
  </datafield>
  <datafield tag="300" ind1=" " ind2=" ">
    <subfield code="a">xi, 572 p.</subfield>
  </datafield>
  <datafield tag="942" ind1=" " ind2=" ">
    <subfield code="c">BK</subfield>
  </datafield>
  <datafield tag="952" ind1=" " ind2=" ">
    <subfield code="0">0</subfield>
    <subfield code="1">0</subfield>
    <subfield code="4">0</subfield>
    <subfield code="6">342_000000000000000_K48A18</subfield>
    <subfield code="7">0</subfield>
    <subfield code="9">285904</subfield>
    <subfield code="a">MAIN</subfield>
    <subfield code="b">MAIN</subfield>
    <subfield code="d">2012-06-21</subfield>
    <subfield code="l">4</subfield>
    <subfield code="o">342 K48A(18)</subfield>
    <subfield code="p">315863</subfield>
    <subfield code="r">2025-03-04 09:58:24</subfield>
    <subfield code="s">2025-02-19</subfield>
    <subfield code="w">2023-09-17</subfield>
    <subfield code="y">BK</subfield>
  </datafield>
  <datafield tag="952" ind1=" " ind2=" ">
    <subfield code="0">0</subfield>
    <subfield code="1">0</subfield>
    <subfield code="4">0</subfield>
    <subfield code="6">342_000000000000000_K48A18</subfield>
    <subfield code="7">0</subfield>
    <subfield code="9">285905</subfield>
    <subfield code="a">MAIN</subfield>
    <subfield code="b">MAIN</subfield>
    <subfield code="d">2012-06-21</subfield>
    <subfield code="l">0</subfield>
    <subfield code="o">342 K48A(18)</subfield>
    <subfield code="p">315864</subfield>
    <subfield code="r">2023-09-17 21:46:32</subfield>
    <subfield code="w">2023-09-17</subfield>
    <subfield code="y">BK</subfield>
  </datafield>
  <datafield tag="952" ind1=" " ind2=" ">
    <subfield code="0">0</subfield>
    <subfield code="1">0</subfield>
    <subfield code="4">0</subfield>
    <subfield code="6">342_000000000000000_K48A18</subfield>
    <subfield code="7">0</subfield>
    <subfield code="9">285906</subfield>
    <subfield code="a">MAIN</subfield>
    <subfield code="b">MAIN</subfield>
    <subfield code="d">2012-06-21</subfield>
    <subfield code="l">0</subfield>
    <subfield code="o">342 K48A(18)</subfield>
    <subfield code="p">315865</subfield>
    <subfield code="r">2023-09-17 21:46:32</subfield>
    <subfield code="w">2023-09-17</subfield>
    <subfield code="y">BK</subfield>
  </datafield>
  <datafield tag="952" ind1=" " ind2=" ">
    <subfield code="0">0</subfield>
    <subfield code="1">0</subfield>
    <subfield code="4">0</subfield>
    <subfield code="6">342_000000000000000_K48A18</subfield>
    <subfield code="7">0</subfield>
    <subfield code="9">285907</subfield>
    <subfield code="a">MAIN</subfield>
    <subfield code="b">MAIN</subfield>
    <subfield code="d">2012-06-21</subfield>
    <subfield code="l">0</subfield>
    <subfield code="o">342 K48A(18)</subfield>
    <subfield code="p">315866</subfield>
    <subfield code="r">2023-09-17 21:46:32</subfield>
    <subfield code="w">2023-09-17</subfield>
    <subfield code="y">BK</subfield>
  </datafield>
  <datafield tag="952" ind1=" " ind2=" ">
    <subfield code="0">0</subfield>
    <subfield code="1">0</subfield>
    <subfield code="4">0</subfield>
    <subfield code="6">342_000000000000000_K48A18</subfield>
    <subfield code="7">0</subfield>
    <subfield code="9">285908</subfield>
    <subfield code="a">MAIN</subfield>
    <subfield code="b">MAIN</subfield>
    <subfield code="d">2012-06-21</subfield>
    <subfield code="l">2</subfield>
    <subfield code="o">342 K48A(18)</subfield>
    <subfield code="p">315867</subfield>
    <subfield code="r">2025-05-17 09:27:58</subfield>
    <subfield code="s">2025-05-05</subfield>
    <subfield code="w">2023-09-17</subfield>
    <subfield code="y">BK</subfield>
  </datafield>
  <datafield tag="952" ind1=" " ind2=" ">
    <subfield code="0">0</subfield>
    <subfield code="1">0</subfield>
    <subfield code="4">0</subfield>
    <subfield code="6">342_000000000000000_K48A18</subfield>
    <subfield code="7">0</subfield>
    <subfield code="9">285909</subfield>
    <subfield code="a">MAIN</subfield>
    <subfield code="b">MAIN</subfield>
    <subfield code="d">2012-06-21</subfield>
    <subfield code="l">1</subfield>
    <subfield code="o">342 K48A(18)</subfield>
    <subfield code="p">315868</subfield>
    <subfield code="r">2024-04-24 13:03:39</subfield>
    <subfield code="s">2024-04-16</subfield>
    <subfield code="w">2023-09-17</subfield>
    <subfield code="y">BK</subfield>
  </datafield>
  <datafield tag="952" ind1=" " ind2=" ">
    <subfield code="0">0</subfield>
    <subfield code="1">0</subfield>
    <subfield code="4">0</subfield>
    <subfield code="6">342_000000000000000_K48A18</subfield>
    <subfield code="7">0</subfield>
    <subfield code="9">285910</subfield>
    <subfield code="a">MAIN</subfield>
    <subfield code="b">MAIN</subfield>
    <subfield code="d">2012-06-21</subfield>
    <subfield code="l">0</subfield>
    <subfield code="o">342 K48A(18)</subfield>
    <subfield code="p">315869</subfield>
    <subfield code="r">2023-09-17 21:46:32</subfield>
    <subfield code="w">2023-09-17</subfield>
    <subfield code="y">BK</subfield>
  </datafield>
  <datafield tag="952" ind1=" " ind2=" ">
    <subfield code="0">0</subfield>
    <subfield code="1">0</subfield>
    <subfield code="4">0</subfield>
    <subfield code="6">342_000000000000000_K48A18</subfield>
    <subfield code="7">0</subfield>
    <subfield code="9">285911</subfield>
    <subfield code="a">MAIN</subfield>
    <subfield code="b">MAIN</subfield>
    <subfield code="d">2012-06-21</subfield>
    <subfield code="l">2</subfield>
    <subfield code="o">342 K48A(18)</subfield>
    <subfield code="p">315870</subfield>
    <subfield code="q">2026-05-07</subfield>
    <subfield code="r">2026-04-23 18:14:05</subfield>
    <subfield code="s">2026-04-23</subfield>
    <subfield code="w">2023-09-17</subfield>
    <subfield code="y">BK</subfield>
  </datafield>
  <datafield tag="952" ind1=" " ind2=" ">
    <subfield code="0">0</subfield>
    <subfield code="1">0</subfield>
    <subfield code="4">0</subfield>
    <subfield code="6">342_000000000000000_K48A18</subfield>
    <subfield code="7">0</subfield>
    <subfield code="9">285912</subfield>
    <subfield code="a">MAIN</subfield>
    <subfield code="b">MAIN</subfield>
    <subfield code="d">2012-06-21</subfield>
    <subfield code="l">1</subfield>
    <subfield code="o">342 K48A(18)</subfield>
    <subfield code="p">315871</subfield>
    <subfield code="r">2025-04-05 13:48:24</subfield>
    <subfield code="s">2025-03-24</subfield>
    <subfield code="w">2023-09-17</subfield>
    <subfield code="y">BK</subfield>
  </datafield>
  <datafield tag="952" ind1=" " ind2=" ">
    <subfield code="0">0</subfield>
    <subfield code="1">0</subfield>
    <subfield code="4">0</subfield>
    <subfield code="6">342_000000000000000_K48A18</subfield>
    <subfield code="7">0</subfield>
    <subfield code="9">285913</subfield>
    <subfield code="a">MAIN</subfield>
    <subfield code="b">MAIN</subfield>
    <subfield code="d">2012-06-21</subfield>
    <subfield code="l">2</subfield>
    <subfield code="o">342 K48A(18)</subfield>
    <subfield code="p">315872</subfield>
    <subfield code="r">2025-09-08 12:54:47</subfield>
    <subfield code="s">2025-08-27</subfield>
    <subfield code="w">2023-09-17</subfield>
    <subfield code="y">BK</subfield>
  </datafield>
  <datafield tag="999" ind1=" " ind2=" ">
    <subfield code="c">169318</subfield>
    <subfield code="d">169318</subfield>
  </datafield>
</record>
